000 00486nam a2200169Ia 4500
999 _c11641
_d11641
003 OSt
005 20201030104730.0
008 190216s9999||||xx |||||||||||||| ||und||
040 _coclc
082 _a823.8
_bSTE/T
100 _aStevenson, R L
_96162
245 0 _aTreasure Island /
_cR L Stevenson
260 _bOxford University Press,
_c1967.
_aLondon:
300 _a254p
650 _aMiscellanious Writting
942 _cBK
_2ddc
_h823.8
_iSTE/T
_k823.8
_mSTE/T